| Tag |
First Indicator |
Second Indicator |
Subfields |
| LEADER |
00000cam a2200000 a 4500 |
| 001 |
in00003854530 |
| 005 |
20190415182432.0 |
| 006 |
m o d |
| 007 |
cr |n||||||||n |
| 008 |
800708s1866 it o 000 0 ita d |
| 035 |
|
|
|a (MiFhGG)MOM200329
|
| 035 |
|
|
|a (OCoLC)778050782
|
| 040 |
|
|
|a TGPSM
|c UtOrBLW
|d UtOrBLW
|
| 041 |
1 |
|
|a ita
|h fre
|
| 050 |
|
4 |
|a HG8051
|b .A268 1866
|
| 100 |
1 |
|
|a About, Edmond,
|d 1828-1885.
|
| 240 |
1 |
0 |
|a Questions d'argent.
|l Italian
|
| 245 |
1 |
2 |
|a L'assicurazione /
|c per Edmondo About.
|
| 246 |
3 |
|
|i At head of title:
|a Le questioni di danaro
|
| 264 |
|
1 |
|a Firenze [Italy] :
|b Tip. di G. Gaston,
|c 1866.
|
| 300 |
|
|
|a 1 online resource (xvi, 114 pages, 1 unnumbered pages).
|
| 336 |
|
|
|a text
|b txt
|2 rdacontent
|
| 337 |
|
|
|a computer
|b c
|2 rdamedia
|
| 338 |
|
|
|a online resource
|b cr
|2 rdacarrier
|
| 490 |
1 |
|
|a The making of the modern world. Part 2 (1851-1914)
|
| 500 |
|
|
|a Translation of Les questions d'argent : l'assurance.
|
| 500 |
|
|
|a Reproduction of the original from the University of Kansas.
|
| 500 |
|
|
|a Electronic resource.
|
| 650 |
|
0 |
|a Insurance.
|0 http://id.loc.gov/authorities/subjects/sh85066802
|
| 650 |
|
0 |
|a Life insurance.
|0 http://id.loc.gov/authorities/subjects/sh85066960
|
| 655 |
|
7 |
|a Electronic books.
|2 local
|
| 710 |
2 |
|
|a Gale (Firm)
|0 http://id.loc.gov/authorities/names/no2008071348
|
| 830 |
|
0 |
|a Making of the modern world. Part 2 (1851-1914)
|
| 856 |
4 |
0 |
|u http://proxy.library.tamu.edu/login?url=http://find.galegroup.com/openurl/openurl?url_ver=Z39.88-2004&url_ctx_fmt=info:ofi/fmt:kev:mtx:ctx&res_id=info:sid/gale:MOME&ctx_enc=info:ofi:enc:UTF-8&rft_val_fmt=info:ofi/fmt:kev:mtx:unknown&rft.artnum=U112368974&req_dat=info:sid/gale:ugnid:txshracd2898
|z Connect to the full text of this electronic book
|t 0
|
| 999 |
f |
f |
|s 72940c51-c3e0-3cc9-9f12-b4ca8926fcce
|i b814b0ea-ee66-3249-9974-914df3a8bc2a
|t 0
|
| 952 |
f |
f |
|a Texas A&M University
|b College Station
|c Electronic Resources
|d Available Online
|t 0
|e HG8051 .A268 1866
|h Library of Congress classification
|
| 998 |
f |
f |
|a HG8051 .A268 1866
|t 0
|l Available Online
|